000 00740nam a2200241Ia 4500
003 OSt
005 20230720102815.0
008 210716s2007 xx 000 0 und d
020 _a0324423543
040 _cAIMIT LIBRARY
041 _aeng
082 _a339
_24
_bMANN
100 _aMankiw, N Gregory.
_9127851
245 _aPrinciples of macroeconomics /
_cBy N Gregory Mankiw.
250 _a4th ed.
260 _aUSA :
_bThomson south western ,
_c2007.
300 _alxiv,583p. ;
_bPB
_c25.1cm.
650 _aMacroeconomics and related topics(339)
_9127852
651 _aPrinciples of economics
_9127853
651 _aThinking like an economist
_9127854
651 _aMarkets and welfare
_9127855
942 _2ddc
_cBK
_e4th
_k339 MANN
999 _c202917
_d202917